|
|
|
|
| LEADER |
01829nam a2200373 i 4500 |
| 001 |
29448 |
| 003 |
BD-DhAAL |
| 005 |
20150802154812.0 |
| 008 |
150802s2012 riua b 001 0 eng |
| 010 |
|
|
|a 2012034211
|
| 020 |
|
|
|a 9780821890851 (hbk. : acidfree paper)
|
| 040 |
|
|
|a DLC
|b eng
|c DLC
|e rda
|d DLC
|d BD-DhAAL
|
| 042 |
|
|
|a pcc
|
| 050 |
0 |
0 |
|a QA166
|b .L675 2012
|
| 082 |
0 |
0 |
|a 511.5
|2 23
|
| 100 |
1 |
|
|a Lovász, László,
|d 1948-
|9 13450
|
| 245 |
1 |
0 |
|a Large networks and graph limits /
|c László Lovász.
|
| 260 |
|
|
|a Providence, Rhode Island :
|b American Mathematical Society,
|c 2012.
|
| 300 |
|
|
|a xiv, 475 pages :
|b illustrations ;
|c 26 cm.
|
| 490 |
0 |
|
|a American Mathematical Society colloquium publications ;
|v volume 60
|
| 504 |
|
|
|a Includes bibliographical references (pages 451-463) and indexes.
|
| 541 |
|
|
|e 29448
|
| 650 |
|
0 |
|a Graph theory.
|9 7552
|
| 650 |
|
0 |
|a Algebra, Abstract.
|9 6208
|
| 650 |
|
7 |
|a Combinatorics -- Graph theory -- None of the above, but in this section.
|2 msc
|9 13451
|
| 650 |
|
7 |
|a Combinatorics -- Graph theory -- Graphs and abstract algebra (groups, rings, fields, etc.).
|2 msc
|9 13452
|
| 650 |
|
7 |
|a Combinatorics -- Graph theory -- Extremal problems.
|2 msc
|9 13453
|
| 650 |
|
7 |
|a Combinatorics -- Graph theory -- Random graphs.
|2 msc
|9 13454
|
| 650 |
|
7 |
|a Combinatorics -- Graph theory -- Small world graphs, complex networks.
|2 msc
|9 13455
|
| 650 |
|
7 |
|a Combinatorics -- Graph theory -- Graph algorithms.
|2 msc
|9 13456
|
| 650 |
|
7 |
|a Operations research, mathematical programming -- Operations research and management science -- Network models, stochastic.
|2 msc
|9 13457
|
| 942 |
|
|
|2 ddc
|c BK
|
| 999 |
|
|
|c 35132
|d 35132
|
| 952 |
|
|
|0 0
|1 0
|2 ddc
|4 0
|6 511_500000000000000_LOV
|7 0
|9 55081
|a BRACUL
|b BRACUL
|c GEN
|d 2015-08-02
|e Development Book Agency
|g 11200.00
|l 0
|o 511.5 LOV
|p 3010029448
|r 2015-08-02
|t 1
|w 2015-08-02
|y BK
|